Представление документа в формате RUSMARC

ПолеНазваниеЗначение
  Тип записи a
  Библиографический уровень m
001 Контрольный номер RU/УОНБ/EK/540742153
005 Дата корректировки 20250520125513.4
010 Индекс ISBN __
d Цена 9 р.
9 Тираж 225000 экз.
b Уточнения в пер.
100 Данные общей обработки __
a Данные общей обработки 20170217d1955 m y0rusy0189||||ca
101 Язык документа 0_
a Язык текста rus
102 Страна публикации __
a Страна публикации RU
105 Кодированные данные (монография) __
a Кодированные данные (монография) y z 000ay
200 Заглавие и сведения об ответственности 1_
a Заглавие Преступление и наказание
e Сведения, относящиеся к заглавию роман
e Сведения, относящиеся к заглавию в 6 ч. с эпилогом
f Первые сведения об ответственности Ф.М. Достоевский
g Последующие сведения об ответственности [послесл. Б.С. Рюрикова, с. 525-551]
210 Выходные данные 1_
a Место издания Москва
c Издательство Гослитиздат
d Дата издания 1955
215 Физическое описание __
a Объем 552 с.
c Иллюстрации/тип воспроизводства ил.
d Формат 21 см
606 Тематические рубрики 0_
a Основная рубрика Проза (х. л.)
610 Ключевые слова 0_
a Ключевые слова проза русская
a Ключевые слова Россия 19 в. (д. л.)
686 Индексы других классификаций __
a Классификационный индекс 84Р1
2 Код системы rubbk
700 Автор _1
a Фамилия Достоевский
b Имя (инициалы) Ф.М.
g Полное личное имя Федор Михайлович
702 Вторичная интеллектуальная ответственность _1
a Фамилия Рюриков
b Имя (инициалы) Б.С.
4 Код отношения 440
801 Источник записи _0
a Страна RU
b Организация Ульяновская ОНБ
c Дата составления 20170217
g Правила каталогизации RCR
801 Источник записи _1
a Страна RU
b Организация Ульяновская ОНБ
c Дата составления 20170217
g Правила каталогизации RCR
901 Тип документа __
t Тип документа m
909 Создатель записи __
a Создатель записи Мазуренко
938 Служебная информация __
a Имя БД retro
b Имя библиотеки УОНБ
c Имя АИБС МАРК-SQL
d Номер DOC_ID в БД 206233